000 00396nam a2200157Ia 4500
008 210716s2012 xx 000 0 und d
020 _a9789350043196
041 _aeng
082 _a658.3 SEND
100 _aSengupta, Debashish.
245 _aHuman resource management.
250 _a1
260 _aNew Delhi
_bBiztantra
_c2012
300 _axxxix,368
650 _aHuman Resource Management
999 _c207461
_d207461